| 000 | 00712nam a22001937a 4500 | ||
|---|---|---|---|
| 999 |
_c7934 _d7934 |
||
| 003 | AR-CdUCM | ||
| 008 | 190321b ||||| |||| 00| 0 spa d | ||
| 040 |
_aMUNICIPALIDAD PROVINCIAL DEL CUSCO _cBIBLIOTECA MUNICIPAL DEL CUSCO |
||
| 082 |
_a985 / _bI52P |
||
| 245 |
_aInforme del Perú : _bdepartamento de Piura / |
||
| 260 |
_aLima : _bPromotora editorial Latinoamericana, _c1975. |
||
| 300 |
_a160 páginas ; _c21 cm. |
||
| 505 | _aContenido: División política -- Turismo -- Por la ruta del desierto -- Sullana "La Perla del Chira" -- Talara la capital del petroleo ... | ||
| 650 |
_aHistoria de Piura _915592 |
||
| 650 |
_aTurismo _94560 |
||
| 650 |
_aFolklore _91081 |
||
| 942 |
_2ddc _cLIBROS |
||
| 945 | _aafb | ||